[Event "Molise Region-ch"]
[Site "Campobasso"]
[Date "2008.01.20"]
[Round "3"]
[White "Damiano, Giuseppe"]
[Black "Palladino, Andrea"]
[Result "1/2-1/2"]
[WhiteElo "2081"]
[BlackElo "2013"]
[PlyCount "30"]
[EventDate "2008.01.19"]
[EventType "swiss"]
[EventRounds "3"]
[EventCountry "ITA"]
[SourceTitle "EXT 2011"]
[Source "ChessBase"]
[SourceDate "2010.11.26"]
[SourceVersion "1"]
[SourceVersionDate "2010.11.26"]
[SourceQuality "1"]

1. d4 Nf6 2. c4 g6 3. Nc3 Bg7 4. e4 d6 5. f3 0-0 6. Be3 Na6 7. Qd2 c5 8. d5 Bd7 9. Nge2 Rb8 10. Nc1 Nc7 11. Bd3 b5 12. 0-0 bxc4 13. Bxc4 Nb5 14. N3e2 Qb6 15. Nd3 Nd4 1/2-1/2

[Event "Scalea Riviera dei Cedri 1st"]
[Site "Scalea"]
[Date "2006.09.16"]
[Round "4"]
[White "Damiano, Giuseppe"]
[Black "Djuric, Stefan"]
[Result "0-1"]
[WhiteElo "2072"]
[BlackElo "2459"]
[PlyCount "29"]
[EventDate "2006.09.14"]
[EventType "swiss"]
[EventRounds "7"]
[EventCountry "ITA"]
[SourceTitle "EXT 2024"]
[Source "ChessBase"]
[SourceDate "2023.10.10"]
[SourceVersion "1"]
[SourceVersionDate "2023.10.10"]
[SourceQuality "1"]

1. e4 c5 2. Nf3 g6 3. c3 Bg7 4. d4 cxd4 5. cxd4 d5 6. e5 Nc6 7. Nc3 Bg4 8. Be2 e6 9. Be3 Nge7 10. 0-0 0-0 11. Qd2 Nf5 12. Rac1 Bxf3 13. Bxf3 f6 14. exf6 Qxf6 15. Ne2 0-1